Movies Quiz

Random Movies or Actress Quiz
Score 0/18 Timer 03:00
1 Play Today
Movie (Love Interest) Together? % Correct
Pretty Woman (Richard Gere)???
95.2%
Notting Hill (Hugh Grant)???
88.9%
Runaway Bride (Richard Gere)???
85.8%
Ocean's Eleven (George Clooney)???
71.6%
Something to Talk About (Dennis Quaid)???
71.3%
Sleeping with the Enemy (Patrick Bergin)???
67.7%
America's Sweethearts (John Cusack)???
66.7%
My Best Friend's Wedding (Dermot Mulroney)???
62.8%
Eat Pray Love (Javier Bardem)???
62.7%
Movie (Love Interest) Together? % Correct
Michael Collins (Liam Neeson)???
56.6%
Steel Magnolias (Dylan McDermott)???
52.9%
The Pelican Brief (Sam Shepard)???
52.5%
The Mexican (Brad Pitt)???
51.9%
Duplicity (Clive Owen)???
51.9%
Mona Lisa Smile (Dominic West)???
50.2%
Conspiracy Theory (Mel Gibson)???
49.9%
Mystic Pizza (Adam Storke)???
43.1%
Dying Young (Campbell Scott)???
33.5%
Remove Ads.
Support Sporcle.
Get the best of Sporcle when you Go Orange. This ad-free experience offers more features, more stats, and more fun while also helping to support Sporcle. Thank you for becoming a member.

You're not logged in!

Compare scores with friends on all Sporcle quizzes.
OR
Log In

Show Comments

Extras

Top Quizzes Today


Score Distribution

Your Account Isn't Verified!

In order to create a playlist on Sporcle, you need to verify the email address you used during registration. Go to your Sporcle Settings to finish the process.

Report this User

Report this user for behavior that violates our Community Guidelines.

Details: